000
00334nam a22001457a 4500
008
221031b ||||| |||| 00| 0 eng d
020
_a
9781138197299
041
_a
eng
080
_a
51
082
_a
51 BOT
100
_a
20.1
101
_a
MATE
245
_a
MATHEMATICS OF PLANNING AND SCHEDULING
_c
BOTTLIK P G
942
_2
udc
_c
BK
999
_c
58703
_d
58703